[Event "1st 4NCL Spring Bank Holiday Congress"]
[Site "Basingstoke"]
[Date "2018.05.25"]
[Round "1"]
[Board "1"]
[White "Stevenson, James AB"]
[Black "Burrows, Nick"]
[Result "1-0"]
[WhiteElo "2049"]
[BlackElo "1933"]
[PlyCount "57"]
[EventDate "2018.05.25"]
[EventRounds "7"]
[EventCountry "ENG"]

1. e4 g6 2. d4 Bg7 3. Nc3 c6 4. Nf3 d5 5. h3 Nf6 6. Bd3 dxe4 7. Nxe4 Nxe4 8.
Bxe4 Nd7 9. c3 O-O 10. Bf4 Nf6 11. Bc2 Be6 12. O-O Bd5 13. Re1 Bxf3 14. Qxf3
Qd5 15. Qd3 e6 16. Bb3 Qd7 17. Rad1 Rad8 18. Be5 Nd5 19. Bg3 Bf6 20. Qf3 Kg7
21. Re4 Rfe8 22. Rde1 Qe7 23. h4 h5 24. c4 Nb6 25. Rf4 Nd7 26. Re3 Kg8 27. Qe2
Qf8 28. Ref3 Qg7 29. Rxf6 1-0

[Event "1st 4NCL Spring Bank Holiday Congress"]
[Site "Basingstoke"]
[Date "2018.05.25"]
[Round "1"]
[Board "2"]
[White "Sagues, Vincent"]
[Black "Rizvi, Nasir"]
[Result "1/2-1/2"]
[WhiteElo "1907"]
[BlackElo "2045"]
[PlyCount "31"]
[EventDate "2018.05.25"]
[EventRounds "7"]
[EventCountry "ENG"]

1. e4 d6 2. d4 Nf6 3. Nc3 e5 4. dxe5 dxe5 5. Qxd8+ Kxd8 6. Nf3 Bd6 7. Be3 Nc6
8. O-O-O Re8 9. h3 a6 10. a3 h6 11. Nd2 Be6 12. Nc4 Ke7 13. Nd5+ Bxd5 14. exd5
Nb8 15. f4 Nbd7 16. fxe5 1/2-1/2

[Event "1st 4NCL Spring Bank Holiday Congress"]
[Site "Basingstoke"]
[Date "2018.05.25"]
[Round "1"]
[Board "3"]
[White "Archer-Lock, Christopher J"]
[Black "Slinger, AJ (Tony)"]
[Result "1/2-1/2"]
[WhiteElo "2043"]
[BlackElo "1875"]
[PlyCount "46"]
[EventDate "2018.05.25"]
[EventRounds "7"]
[EventCountry "ENG"]

1. d4 d5 2. Bf4 c6 3. c3 Bf5 4. Nd2 Nd7 5. Ngf3 Ngf6 6. Nh4 Bg6 7. Nxg6 hxg6 8.
h3 e6 9. e3 Be7 10. Bd3 O-O 11. O-O Re8 12. e4 dxe4 13. Nxe4 Nxe4 14. Bxe4 Nf6
15. Bf3 Bd6 16. Be5 Qc7 17. Bxf6 gxf6 18. Re1 Rad8 19. Qa4 a6 20. Rad1 Kg7 21.
Qc4 Rc8 22. b4 e5 23. dxe5 Bxe5 1/2-1/2

[Event "1st 4NCL Spring Bank Holiday Congress"]
[Site "Basingstoke"]
[Date "2018.05.25"]
[Round "1"]
[Board "4"]
[White "Nandi, Robin J"]
[Black "Orsagova, Erika"]
[Result "1-0"]
[WhiteElo "1860"]
[BlackElo "2040"]
[PlyCount "121"]
[EventDate "2018.05.25"]
[EventRounds "7"]
[EventCountry "ENG"]

1. d4 Nf6 2. c4 e6 3. Nf3 Bb4+ 4. Bd2 Qe7 5. Nc3 O-O 6. g3 d5 7. Bg2 Bxc3 8.
Bxc3 Ne4 9. O-O Nxc3 10. bxc3 b6 11. Ne5 Bb7 12. Qa4 f6 13. Nd3 Bc6 14. Qb3
dxc4 15. Qxc4 Bxg2 {(=)} 16. Kxg2 Kh8 17. e4 Qd7 18. Nf4 Re8 19. Rad1 Qc6 20.
Qxc6 Nxc6 21. Rfe1 Rad8 22. h4 Na5 23. e5 f5 24. d5 exd5 25. Rxd5 Rxd5 26. Nxd5
c6 27. Nc7 Re7 28. Rd1 g6 29. Rd8+ Kg7 30. Ne8+ Kf7 31. Nd6+ Kg7 32. f4 Nb7 33.
Rc8 c5 34. Rc7 Rxc7 35. Ne8+ Kf7 36. Nxc7 Nd8 37. Nb5 Nc6 38. h5 a6 39. Nc7 a5
40. a4 Nb8 41. Nd5 Nd7 42. Kf2 Ke6 43. Nc7+ Ke7 44. Ke2 Kd8 45. Nd5 gxh5 46.
Kd3 Ke8 47. Ne3 h4 48. gxh4 Nf8 49. Nxf5 Ng6 50. Ke4 Kd7 51. h5 Nf8 52. Ne3 Ne6
53. f5 Ng5+ 54. Kd5 Nh3 55. e6+ Ke7 56. Ke5 Ng5 57. f6+ Ke8 58. Nf5 Nf3+ 59.
Kd6 Ng5 60. Ng7+ Kf8 61. e7+ 1-0

[Event "1st 4NCL Spring Bank Holiday Congress"]
[Site "Basingstoke"]
[Date "2018.05.25"]
[Round "1"]
[Board "5"]
[White "Shepley, Julien M"]
[Black "Cooper, Malcolm H"]
[Result "0-1"]
[WhiteElo "1986"]
[BlackElo "1840"]
[PlyCount "88"]
[EventDate "2018.05.25"]
[EventRounds "7"]
[EventCountry "ENG"]

1. e4 c5 2. Nf3 d6 3. Bb5+ Bd7 4. Bxd7+ Qxd7 5. O-O Nf6 6. e5 dxe5 7. Nxe5 Qc7
8. Re1 e6 9. Nc3 a6 10. d3 Bd6 11. Nc4 Bxh2+ 12. Kh1 b5 13. Qf3 Ra7 14. Bg5
Nbd7 15. Bxf6 Nxf6 16. Ne3 Be5 17. Ned5 exd5 18. Qg3 Ne4 19. Qe3 Bxc3 20. bxc3
O-O 21. dxe4 Re8 22. e5 Qc6 23. Rad1 Rae7 24. f4 f6 25. Qf3 fxe5 26. Rxd5 Qh6+
27. Kg1 Qxf4 28. Rxc5 Qxf3 29. gxf3 Kf7 30. Re4 Kf6 31. Kf2 Rd8 32. Ke2 Rdd7
33. a4 Rc7 34. Rxc7 Rxc7 35. axb5 axb5 36. Kd3 Rc4 37. Re1 Kf5 38. Ra1 h5 39.
Ra7 g6 40. Rb7 Rc5 41. Rb8 Kf4 42. Rf8+ Kg3 43. Rg8 Kxf3 44. Rxg6 Rd5# 0-1

[Event "1st 4NCL Spring Bank Holiday Congress"]
[Site "Basingstoke"]
[Date "2018.05.25"]
[Round "1"]
[Board "6"]
[White "McDonnell, James J"]
[Black "Nelson, Omowale A"]
[Result "1/2-1/2"]
[WhiteElo "1833"]
[BlackElo "1976"]
[PlyCount "47"]
[EventDate "2018.05.25"]
[EventRounds "7"]
[EventCountry "ENG"]

1. e4 c6 2. d4 d5 3. e5 Bf5 4. Nf3 e6 5. Be2 c5 6. Be3 Qb6 7. Nc3 Qxb2 8. Qb1
Qxb1+ 9. Rxb1 b6 10. dxc5 Bxc5 11. Bxc5 bxc5 12. Nb5 Kd8 13. Nd6 Nh6 14. Nb7+
Kc8 15. Nxc5 Nd7 16. Ba6+ Kd8 17. Nxd7 Kxd7 18. Rb7+ Kc6 19. Nd4+ Kc5 20. c3
Rhb8 21. Nb3+ Kc6 22. Na5+ Kc5 23. Nb3+ Kc6 24. Na5+ 1/2-1/2

[Event "1st 4NCL Spring Bank Holiday Congress"]
[Site "Basingstoke"]
[Date "2018.05.25"]
[Round "1"]
[Board "7"]
[White "Gregory, Keith DF"]
[Black "Royal, Shreyas"]
[Result "1/2-1/2"]
[WhiteElo "1975"]
[BlackElo "1812"]
[PlyCount "75"]
[EventDate "2018.05.25"]
[EventRounds "7"]
[EventCountry "ENG"]

1. Nf3 Nf6 2. c4 e6 3. g3 d5 4. Bg2 Bd6 5. d4 c6 6. Nbd2 Nbd7 7. O-O O-O 8. Qc2
e5 9. dxe5 Nxe5 10. Nxe5 Bxe5 11. Nf3 Bc7 12. Rd1 Bg4 13. Bg5 Rc8 14. cxd5 cxd5
15. Qb3 Bb6 16. Nd4 h6 17. Be3 Re8 18. a4 Rc4 19. a5 Bxd4 20. Rxd4 Bxe2 21.
Rxc4 Bxc4 22. Qxb7 d4 23. Rd1 Qxa5 24. Bd2 Qa4 25. Rc1 Qb3 26. Qb4 Qxb4 27.
Bxb4 Bb3 28. Bf1 Ne4 29. Bd3 Ng5 30. h4 Nf3+ 31. Kf1 Ne5 32. Re1 Ba4 33. Ba6
Re6 34. Bc8 Rc6 35. Rxe5 Rxc8 36. Ra5 Rc1+ 37. Ke2 Bc6 38. Rc5 1/2-1/2

[Event "1st 4NCL Spring Bank Holiday Congress"]
[Site "Basingstoke"]
[Date "2018.05.25"]
[Round "1"]
[Board "8"]
[White "Carter, John P"]
[Black "Bennett, Dominic L"]
[Result "0-1"]
[WhiteElo "1795"]
[BlackElo "1951"]
[PlyCount "140"]
[EventDate "2018.05.25"]
[EventRounds "7"]
[EventCountry "ENG"]

1. d4 Nf6 2. c4 d6 3. Nc3 Nbd7 4. e4 e5 5. d5 Be7 6. Be3 Nc5 7. Bxc5 dxc5 8.
Nf3 Bd6 9. Be2 a6 10. Qd2 O-O 11. Rd1 Rb8 12. Bd3 Re8 13. Qg5 Qe7 14. Ne2 Nd7
15. Ng3 Qxg5 16. Nxg5 b5 17. b3 Nf8 18. O-O h6 19. Nf3 Ng6 20. Be2 Nf4 21. Rb1
g6 22. Nd2 Kg7 23. Rfe1 h5 24. Bf1 Be7 25. Ne2 Nd3 26. Red1 f5 27. Nc3 b4 28.
Bxd3 bxc3 29. Nf1 fxe4 30. Bxe4 Rf8 31. Rbc1 Bh4 32. g3 Bg5 33. Rxc3 Rb6 34.
Kg2 Bg4 35. f3 Bd7 36. Rcd3 Be7 37. Ne3 a5 38. Nc2 Rfb8 39. Rb1 a4 40. Ne1 Kh6
41. Nc2 Rf8 42. Rdd1 axb3 43. Rxb3 Rbf6 44. Rf1 g5 45. Re3 Kg7 46. Ne1 h4 47.
g4 Bxg4 48. Ra3 Bh5 49. Ra7 Bd6 50. Nd3 R8f7 51. a4 g4 52. Ne1 Rf4 53. Rb7
gxf3+ 54. Bxf3 h3+ 55. Kxh3 Bxf3 56. Rg1+ Kf6 57. Nxf3 Rxf3+ 58. Rg3 Rf2 59.
Rg4 Rh7+ 60. Rh4 Rxh2+ 61. Kxh2 Rxh4+ 62. Kg2 Rxc4 63. a5 Ra4 64. Ra7 e4 65. a6
Ke5 66. Ra8 Kxd5 67. a7 c4 68. Kf2 Kd4 69. Ke2 Ra2+ 70. Ke1 Kd3 0-1

[Event "1st 4NCL Spring Bank Holiday Congress"]
[Site "Basingstoke"]
[Date "2018.05.25"]
[Round "1"]
[Board "9"]
[White "De Coverly, Roger D"]
[Black "Jamroz, Viktor"]
[Result "1-0"]
[WhiteElo "1943"]
[BlackElo "1757"]
[PlyCount "59"]
[EventDate "2018.05.25"]
[EventRounds "7"]
[EventCountry "ENG"]

1. e4 e6 2. d4 d5 3. exd5 exd5 4. c4 Nf6 5. Nc3 Be6 6. cxd5 Nxd5 7. Bd3 Be7 8.
Nf3 O-O 9. O-O Bf6 10. Ne4 Nc6 11. Nxf6+ Qxf6 12. Bg5 Rad8 13. Bxf6 Nxf6 14. h3
Bd5 15. Rc1 Bxf3 16. Qxf3 Rxd4 17. Bb5 Ne5 18. Qxb7 Rfd8 19. Rxc7 Ne4 20. f4
Nd6 21. Qa6 Ng6 22. a4 Rd2 23. Qxa7 Rxb2 24. Rd7 Rxd7 25. Qxd7 Ne4 26. Qd8+ Nf8
27. Qd4 Rd2 28. Qxe4 g5 29. f5 g4 30. Qxg4+ 1-0

[Event "1st 4NCL Spring Bank Holiday Congress"]
[Site "Basingstoke"]
[Date "2018.05.25"]
[Round "1"]
[Board "10"]
[White "Di-Vetta, Andrew"]
[Black "Tart, Peter K"]
[Result "0-1"]
[WhiteElo "1684"]
[BlackElo "1939"]
[PlyCount "124"]
[EventDate "2018.05.25"]
[EventRounds "7"]
[EventCountry "ENG"]

1. e4 e5 2. Nf3 d5 3. exd5 Bd6 4. Bb5+ Bd7 5. Qe2 Qe7 6. Nc3 Nf6 7. d3 a6 8.
Bxd7+ Nbxd7 9. Bg5 h6 10. Bh4 g5 11. Bg3 O-O-O 12. a3 Rhe8 13. O-O-O Nb6 14. d4
Bxa3 15. Nb1 exd4 16. Qxe7 Bxe7 17. Nxd4 Nbxd5 18. Nf5 Bf8 19. Rhe1 Rxe1 20.
Rxe1 Nh5 21. Be5 Nhf4 22. g3 Ne6 23. b3 Nb4 24. Re4 Nc6 25. Bb2 Rd5 26. g4 Nc5
27. Re8+ Rd8 28. Rxd8+ Nxd8 29. Nd2 Nde6 30. f3 b5 31. Nf1 Nb7 32. N1e3 Nd6 33.
Kd2 Kd7 34. Nxd6 Bxd6 35. Nf5 Bxh2 36. Nxh6 Bf4+ 37. Kd3 Nc5+ 38. Kd4 Ne6+ 39.
Ke4 Nd8 40. Bf6 Nb7 41. Nxf7 Nd6+ 42. Nxd6 Kxd6 43. Kf5 c5 44. Bxg5 Bxg5 45.
Kxg5 c4 46. b4 a5 47. bxa5 b4 48. a6 Kc6 49. f4 b3 50. cxb3 cxb3 51. f5 b2 52.
f6 b1=Q 53. f7 Qb8 54. Kf6 Qd8+ 55. Kg7 Qg5+ 56. Kf8 Qxg4 57. Ke7 Qd7+ 58. Kf6
Qd8+ 59. Kg7 Qg5+ 60. Kh7 Qf6 61. Kg8 Qg6+ 62. Kf8 Kd7 0-1

[Event "1st 4NCL Spring Bank Holiday Congress"]
[Site "Basingstoke"]
[Date "2018.05.26"]
[Round "2"]
[Board "1"]
[White "Tart, Peter K"]
[Black "Stevenson, James AB"]
[Result "1/2-1/2"]
[WhiteElo "1939"]
[BlackElo "2049"]
[PlyCount "69"]
[EventDate "2018.05.25"]
[EventRounds "7"]
[EventCountry "ENG"]

1. e4 Nf6 2. Nc3 e6 3. e5 Nd5 4. Nxd5 exd5 5. d4 d6 6. exd6 Bxd6 7. Bd3 Nc6 8.
c3 Ne7 9. Qf3 Be6 10. Bf4 Ng6 11. Bxd6 Qxd6 12. Ne2 O-O-O 13. O-O-O Rde8 14.
Rde1 Re7 15. Qg3 Qd7 16. Nf4 Nxf4 17. Qxf4 c6 18. Re3 Qc7 19. Qxc7+ Kxc7 20.
Rhe1 Kd6 21. f4 g6 22. g4 Rhe8 23. f5 Bd7 24. Kd2 Rxe3 25. Rxe3 Rxe3 26. Kxe3
g5 27. c4 b6 28. b4 f6 29. c5+ Kc7 30. cxb6+ Kxb6 31. Kd2 Bc8 32. Kc3 Bd7 33.
Kb3 Be8 34. Be2 Bd7 35. Kc3 1/2-1/2

[Event "1st 4NCL Spring Bank Holiday Congress"]
[Site "Basingstoke"]
[Date "2018.05.26"]
[Round "2"]
[Board "2"]
[White "Bennett, Dominic L"]
[Black "Nandi, Robin J"]
[Result "0-1"]
[WhiteElo "1951"]
[BlackElo "1860"]
[PlyCount "82"]
[EventDate "2018.05.25"]
[EventRounds "7"]
[EventCountry "ENG"]

1. b3 e5 2. Bb2 Nc6 3. e3 Nf6 4. Bb5 d6 5. h3 Be7 6. Nf3 O-O 7. d4 e4 8. Nfd2
d5 9. O-O Nb8 10. Re1 c6 11. Bf1 Bd6 12. Ba3 Re8 13. Bxd6 Qxd6 14. c4 Bf5 15.
Nc3 a6 16. Na4 Nbd7 17. c5 Qc7 18. Qc2 g5 19. Nc3 g4 20. g3 gxh3 21. Nf3 Kh8
22. Nh4 Bg4 23. Ne2 Nf8 24. Nf4 Ng6 25. Nhxg6+ hxg6 26. Nxh3 Kg7 27. Bg2 Rh8
28. Nf4 Rh7 29. Kf1 Rah8 30. Ne2 Rh1+ 31. Ng1 Qd7 32. Rec1 Bf3 33. Bxh1 Rxh1
34. Ke1 Rxg1+ 35. Kd2 Rg2 36. Rf1 Ng4 37. Kc3 Nxe3 38. Qd2 Nxf1 39. Rxf1 Qc7
40. Rh1 Qa5+ 41. b4 Qa3+ 0-1

[Event "1st 4NCL Spring Bank Holiday Congress"]
[Site "Basingstoke"]
[Date "2018.05.26"]
[Round "2"]
[Board "3"]
[White "Aubury, Ben"]
[Black "De Coverly, Roger D"]
[Result "1/2-1/2"]
[WhiteElo "1516"]
[BlackElo "1943"]
[PlyCount "93"]
[EventDate "2018.05.25"]
[EventRounds "7"]
[EventCountry "ENG"]

1. e4 e5 2. Nf3 Nc6 3. c3 Be7 4. d4 d6 5. Bb5 Bd7 6. dxe5 Nxe5 7. Nxe5 dxe5 8.
Qb3 Nf6 9. Nd2 O-O 10. O-O c6 11. Bc4 Qb6 12. Rd1 Bc5 13. Qxb6 Bxb6 14. h3 Rad8
15. b3 Bc8 16. Ba3 Rfe8 17. Be2 Be6 18. g4 h6 19. Kg2 Rd7 20. f3 Red8 21. Nf1 {
(=)} Rxd1 22. Rxd1 Rxd1 23. Bxd1 Nd7 24. Be2 Nf8 25. Kg3 Ng6 26. Bc1 Kf8 27.
Ne3 a5 28. Nc4 Bc7 29. Ba3+ Ke8 30. Nd6+ Bxd6 31. Bxd6 Kd7 32. Ba3 b5 33. Bc1
f6 34. Be3 {(=)} a4 35. Bd1 axb3 36. Bxb3 Kd6 37. h4 Nf8 38. Kf2 c5 39. Ke2 c4
40. Bc2 Bd7 41. a3 Ne6 42. Kf2 Nf4 43. Kf1 g6 44. Kf2 h5 45. Bxf4 exf4 46. gxh5
gxh5 47. Kg2 1/2-1/2

[Event "1st 4NCL Spring Bank Holiday Congress"]
[Site "Basingstoke"]
[Date "2018.05.26"]
[Round "2"]
[Board "4"]
[White "Cooper, Malcolm H"]
[Black "Golding, James"]
[Result "1/2-1/2"]
[WhiteElo "1840"]
[BlackElo "2025"]
[PlyCount "66"]
[EventDate "2018.05.25"]
[EventRounds "7"]
[EventCountry "ENG"]

1. e4 e5 2. Bc4 Nc6 3. d3 Bc5 4. Nf3 Nf6 5. O-O d6 6. c3 O-O 7. b4 Bb6 8. a4 a5
9. b5 Ne7 10. Nbd2 Ng6 11. Re1 Qe7 12. Bb3 Be6 13. Nc4 Bc5 14. Be3 Bxe3 15.
Nxe3 Nf4 16. Bxe6 Qxe6 17. Ng5 Qe7 18. g3 Ne6 19. Nf3 Nc5 20. Kg2 Rfe8 21. Qc2
Qd7 22. c4 g6 23. Nd5 Nxd5 24. exd5 f5 25. Nd2 Qf7 26. Nb3 b6 27. Nxc5 dxc5 28.
f3 Rf8 29. Rf1 f4 30. g4 g5 31. Rh1 {(=)} h5 32. h3 Kg7 33. Rag1 h4 1/2-1/2

[Event "1st 4NCL Spring Bank Holiday Congress"]
[Site "Basingstoke"]
[Date "2018.05.26"]
[Round "2"]
[Board "5"]
[White "Alizada, Eldar A"]
[Black "McDonnell, James J"]
[Result "0-1"]
[WhiteElo "1995"]
[BlackElo "1833"]
[PlyCount "98"]
[EventDate "2018.05.25"]
[EventRounds "7"]
[EventCountry "ENG"]

1. d4 d5 2. Nf3 Nf6 3. c4 c6 4. e3 Bf5 5. Nc3 e6 6. Nh4 Bg6 7. Nxg6 hxg6 8. Qb3
Qc7 9. g3 Be7 10. Bd2 O-O 11. O-O-O dxc4 12. Bxc4 a6 13. Kb1 b5 14. Bd3 a5 15.
h4 Na6 16. Ne4 Nd5 17. Rc1 a4 18. Qd1 f5 19. Ng5 Bxg5 20. hxg5 Rfb8 21. e4 Ndb4
22. Bf4 e5 23. Bxe5 Qf7 24. b3 axb3 25. axb3 Nxd3 26. Qxd3 Nb4 27. Qc3 Qa7 28.
Rc2 Nxc2 29. Bxb8 Qa2+ 30. Kc1 Qa1+ 31. Qxa1 Rxa1+ 32. Kxc2 Rxh1 33. exf5 gxf5
34. Bf4 Kf7 35. Kc3 Ke6 36. Be3 Kd5 37. Kd2 Ke4 38. b4 Ra1 39. Kc3 Ra3+ 40. Kd2
Rb3 41. g6 Rxb4 42. Kc3 Ra4 43. Bg5 Rc4+ 44. Kb3 Rxd4 45. Be7 Kf3 46. Bf8 Rg4
47. Bxg7 Rxg6 48. Bd4 Rg4 49. Be3 Rxg3 0-1

[Event "1st 4NCL Spring Bank Holiday Congress"]
[Site "Basingstoke"]
[Date "2018.05.26"]
[Round "2"]
[Board "6"]
[White "Cherupalli, Ramprasad"]
[Black "Gardiner, Eric D"]
[Result "1-0"]
[WhiteElo "1827"]
[BlackElo "1982"]
[PlyCount "59"]
[EventDate "2018.05.25"]
[EventRounds "7"]
[EventCountry "ENG"]

1. Nf3 d6 2. d4 Bg4 3. e4 Nf6 4. Nc3 e6 5. h3 Bh5 6. Bg5 c6 7. Bd3 Qb6 8. g4
Bg6 9. Qd2 Nbd7 10. O-O-O e5 11. Be3 Qc7 12. Nh4 Be7 13. Nf5 Bxf5 14. gxf5 a6
15. f4 O-O-O 16. Qf2 exd4 17. Bxd4 Nc5 18. Rhe1 Nfd7 19. Bxg7 Rhg8 20. Bd4
Nxd3+ 21. Rxd3 b5 22. Kb1 b4 23. Na4 c5 24. Be3 Nb6 25. Nxb6+ Qxb6 26. Red1 a5
27. Qf3 Qc6 28. Rd5 Rg7 29. e5 f6 30. Rxc5 1-0

[Event "1st 4NCL Spring Bank Holiday Congress"]
[Site "Basingstoke"]
[Date "2018.05.26"]
[Round "2"]
[Board "7"]
[White "Nelson, Omowale A"]
[Black "Somton, Anita"]
[Result "1-0"]
[WhiteElo "1976"]
[BlackElo "1803"]
[PlyCount "91"]
[EventDate "2018.05.25"]
[EventRounds "7"]
[EventCountry "ENG"]

1. d4 Nf6 2. c4 g6 3. Nc3 d5 4. Nf3 Bg7 5. Qb3 dxc4 6. Qxc4 O-O 7. e4 Be6 8. d5
Bc8 9. Be2 c6 10. O-O cxd5 11. exd5 Ne8 12. Bg5 Nd6 13. Qh4 Nf5 14. Qe4 h6 15.
Bf4 Nd7 16. Rfd1 Nf6 17. Qb4 a5 18. Qb3 Nd6 19. Na4 Nd7 20. Rac1 Rb8 {(=)} 21.
Nd4 Ne5 22. Bxe5 Bxe5 23. Nc6 bxc6 24. Qxb8 cxd5 25. Rxd5 Bf4 26. Rcd1 Qd7 27.
Nc5 Qc6 28. Qa7 e6 29. R5d3 Nb5 30. Qxa5 Qxc5 31. Rb3 Bxh2+ 32. Kxh2 Qe5+ 33.
Kg1 Qxe2 34. Re1 Qg4 35. Qxb5 Qd4 {(=)} 36. Rd3 Qf4 37. a4 e5 38. a5 e4 39. Rd4
Bf5 40. a6 Qc7 41. Rb4 Kg7 42. Qb6 Qe7 43. Qd4+ Kh7 44. Rb7 Qe6 45. a7 Qc6 46.
Rb8 1-0

[Event "1st 4NCL Spring Bank Holiday Congress"]
[Site "Basingstoke"]
[Date "2018.05.26"]
[Round "2"]
[Board "8"]
[White "Faulkner, Martin J"]
[Black "Gregory, Keith DF"]
[Result "0-1"]
[WhiteElo "1798"]
[BlackElo "1975"]
[PlyCount "142"]
[EventDate "2018.05.25"]
[EventRounds "7"]
[EventCountry "ENG"]

1. c4 d6 2. Nc3 e5 3. Nf3 Nc6 4. d4 Be7 5. e3 Nf6 6. d5 Nb8 7. Qc2 O-O 8. Be2
a5 9. a3 Bd7 10. b3 c6 11. dxc6 Bxc6 12. O-O Nbd7 13. Rd1 Qb8 14. Bb2 Rc8 15.
Qf5 Nc5 16. b4 axb4 17. axb4 Rxa1 18. Rxa1 Nce4 19. Nxe4 Bxe4 20. Qh3 b6 21.
Ra6 Re8 22. Ng5 Bg6 23. Nf3 Qb7 24. Ra1 Bf8 25. Ne1 h6 26. Nd3 Rc8 27. Nc1 Ne4
28. Qf3 Qc7 29. Nb3 Ng5 30. Qd5 Be4 31. Qd1 Bb7 32. f3 Ne6 33. Nc1 Rd8 34. e4
Be7 35. Na2 Bg5 36. Nc3 Nd4 37. Nd5 Bxd5 38. cxd5 Be3+ 39. Kh1 Qc2 40. Bxd4
Qxd1+ 41. Rxd1 Bxd4 42. f4 Ra8 43. fxe5 Bxe5 44. Kg1 Ra2 45. Bd3 Rb2 46. Rb1
Rd2 47. Ba6 g6 48. b5 Bd4+ 49. Kh1 Re2 50. h3 Be5 51. Rc1 Bg3 52. Kg1 Rxe4 53.
Bb7 Kg7 54. Bc6 f5 55. Ra1 Kf6 56. Kf1 g5 57. Bd7 h5 58. Kg1 g4 59. hxg4 hxg4
60. Rf1 Re5 61. Be6 Kg5 62. Rd1 f4 63. Rf1 Be1 64. Bg8 g3 65. Be6 Bf2+ 66. Kh1
Kf6 67. Rd1 Rh5+ 68. Bh3 f3 69. Rd3 Rxh3+ 70. gxh3 g2+ 71. Kh2 g1=Q# 0-1

[Event "1st 4NCL Spring Bank Holiday Congress"]
[Site "Basingstoke"]
[Date "2018.05.26"]
[Round "2"]
[Board "9"]
[White "Royal, Shreyas"]
[Black "Sagues, Vincent"]
[Result "1/2-1/2"]
[WhiteElo "1812"]
[BlackElo "1907"]
[PlyCount "46"]
[EventDate "2018.05.25"]
[EventRounds "7"]
[EventCountry "ENG"]

1. d4 d5 2. Nf3 Nf6 3. c4 c6 4. Nc3 dxc4 5. a4 Bf5 6. Ne5 Nbd7 7. Nxc4 Qc7 8.
g3 e5 9. dxe5 Nxe5 10. Bf4 Nfd7 11. Bg2 Be6 12. Ne3 Be7 13. Rc1 Qa5 14. O-O O-O
15. Qc2 Ng6 16. Be4 f5 17. Bd3 Nxf4 18. gxf4 g6 19. Bc4 Bxc4 20. Nxc4 Qc7 21.
Qb3 Kg7 22. e3 Rad8 23. Rfd1 Nc5 1/2-1/2

[Event "1st 4NCL Spring Bank Holiday Congress"]
[Site "Basingstoke"]
[Date "2018.05.26"]
[Round "2"]
[Board "10"]
[White "Slinger, AJ (Tony)"]
[Black "Stephenson, David W"]
[Result "0-1"]
[WhiteElo "1875"]
[BlackElo "1793"]
[PlyCount "30"]
[EventDate "2018.05.25"]
[EventRounds "7"]
[EventCountry "ENG"]

1. Nf3 Nc6 2. g3 e5 3. d3 d5 4. Bg2 Bg4 5. a3 e4 6. Ng1 Nf6 7. d4 Qd7 8. c3 Bd6
9. Nd2 h5 10. Nf1 h4 11. h3 Be6 12. g4 O-O-O 13. b4 Nh7 14. Bxe4 dxe4 15. d5
Be5 0-1

[Event "1st 4NCL Spring Bank Holiday Congress"]
[Site "Basingstoke"]
[Date "2018.05.26"]
[Round "2"]
[Board "11"]
[White "Metcalfe, Charlie P"]
[Black "Jaufarally, Nadia"]
[Result "0-1"]
[WhiteElo "1696"]
[BlackElo "1853"]
[PlyCount "80"]
[EventDate "2018.05.25"]
[EventRounds "7"]
[EventCountry "ENG"]

1. d4 Nf6 2. Nf3 g6 3. c4 Bg7 4. Nc3 O-O 5. e4 d6 6. Be2 e5 7. Be3 Na6 8. dxe5
dxe5 9. O-O Ng4 10. Bg5 f6 11. Qxd8 Rxd8 12. Bd2 c6 13. h3 Nh6 14. a3 Nc5 15.
Rad1 Be6 16. b4 Nb3 17. Be3 Nf7 18. c5 f5 19. Ng5 Nxg5 20. Bxg5 Rd4 21. Be3
Rdd8 22. Bg5 Rxd1 23. Rxd1 Nd4 24. Bd3 Kf7 25. Bc1 Rd8 26. Bf1 Bb3 27. Bg5 Rd7
28. Rb1 Be6 29. b5 f4 30. bxc6 bxc6 31. f3 Bxh3 32. Bc4+ Be6 33. Bxe6+ Nxe6 34.
Bh4 Nxc5 35. Bf2 Nd3 36. Rd1 Ke6 37. Bxa7 Rxa7 38. Rxd3 Rxa3 39. Kf2 Bf8 40.
Ke2 Bb4 0-1

[Event "1st 4NCL Spring Bank Holiday Congress"]
[Site "Basingstoke"]
[Date "2018.05.26"]
[Round "2"]
[Board "12"]
[White "Davis, Timothy J"]
[Black "Merriman, James"]
[Result "0-1"]
[WhiteElo "1845"]
[BlackElo "1690"]
[PlyCount "96"]
[EventDate "2018.05.25"]
[EventRounds "7"]
[EventCountry "ENG"]

1. d4 Nf6 2. c4 e6 3. Nc3 Bb4 4. Qc2 d5 5. cxd5 exd5 6. Bg5 h6 7. Bh4 g5 8. Bg3
Ne4 9. e3 Bf5 10. Bd3 c5 11. dxc5 Qa5 12. Be5 O-O 13. f3 Nxc3 14. bxc3 Qxc5 15.
Bd4 Bxc3+ 16. Qxc3 Qxc3+ 17. Bxc3 Bxd3 18. Ne2 Nc6 19. h4 Rfe8 20. Nc1 d4 21.
Nxd3 dxc3 22. Kf2 Rad8 23. Nc1 Rd2+ 24. Ne2 Nd4 25. Rae1 Nc2 26. Rd1 Nxe3 27.
Rxd2 cxd2 28. Nc3 gxh4 29. Ke2 Nxg2+ 30. Kxd2 Rd8+ 31. Ke2 Nf4+ 32. Ke1 Rd3 33.
Rg1+ Kf8 34. Ne4 Rxf3 35. Nc5 Nh3 36. Rh1 b6 37. Nb3 Nf4 38. Nd2 Re3+ 39. Kd1
h3 40. Nf1 Ra3 41. Kd2 Rxa2+ 42. Ke3 Ng6 43. Ke4 Ra1 44. Kf5 b5 45. Kg4 b4 46.
Rxh3 Rxf1 47. Rxh6 Rf4+ 48. Kg3 Rh4 0-1

[Event "1st 4NCL Spring Bank Holiday Congress"]
[Site "Basingstoke"]
[Date "2018.05.26"]
[Round "2"]
[Board "13"]
[White "Jamroz, Viktor"]
[Black "Shepley, Julien M"]
[Result "1/2-1/2"]
[WhiteElo "1757"]
[BlackElo "1986"]
[PlyCount "133"]
[EventDate "2018.05.25"]
[EventRounds "7"]
[EventCountry "ENG"]

1. e4 d5 2. exd5 Qxd5 3. Nc3 Qd6 4. d4 Nf6 5. Bc4 a6 6. Nge2 Qc6 7. Bb3 Qxg2 8.
Rg1 Qxh2 9. Bf4 Qh5 10. Qd2 Bg4 11. O-O-O Nc6 12. Bxc7 Rc8 13. Bb6 Bxe2 14.
Nxe2 e6 15. Qe3 Nd5 16. Bxd5 Qxd5 17. Nc3 Qc4 18. a3 Ne7 19. d5 Nf5 20. Qf3
Bxa3 21. bxa3 Qxc3 22. Qxc3 Rxc3 23. dxe6 O-O 24. e7 Re8 25. Rd8 Rc8 26. Re1
Nxe7 27. Rxc8 Rxc8 28. Rxe7 h5 29. a4 Rc4 30. a5 h4 31. Re3 f6 32. c3 g5 33.
Bd4 Kf7 34. Rf3 Rc6 35. Rh3 Kg6 36. Kd2 Kh5 37. Rh1 f5 38. f4 gxf4 39. Ke2 Re6+
40. Kf3 Rd6 41. Kxf4 Rd5 42. Bb6 Rd3 43. Bd4 h3 44. Kxf5 Kh4 45. Ke4 Rd2 46.
Bf6+ Kg3 47. Ke3 Ra2 48. Rg1+ Kh2 49. Rg5 Kh1 50. Kf3 h2 51. Bd4 Ra1 52. Re5
Rf1+ 53. Ke2 Rf7 54. Rg5 Re7+ 55. Kf2 Rf7+ 56. Ke2 Re7+ 57. Kd2 Rd7 58. Kd3 Re7
59. Kc4 Re2 60. Kd5 Rg2 61. Rh5 Rd2 62. Kc5 Kg2 63. Kb6 Rb2+ 64. Ka7 h1=Q 65.
Rxh1 Kxh1 66. Bb6 Rc2 67. Kxb7 1/2-1/2

[Event "1st 4NCL Spring Bank Holiday Congress"]
[Site "Basingstoke"]
[Date "2018.05.26"]
[Round "2"]
[Board "14"]
[White "Burrows, Nick"]
[Black "Di-Vetta, Andrew"]
[Result "1-0"]
[WhiteElo "1933"]
[BlackElo "1684"]
[PlyCount "70"]
[EventDate "2018.05.25"]
[EventRounds "7"]
[EventCountry "ENG"]

1. c4 Nf6 2. Nc3 d5 3. cxd5 Nxd5 4. Nf3 c6 5. e3 g6 6. Bc4 e6 7. h4 h5 8. d4 b5
9. Bd3 Bg7 10. O-O Bb7 11. e4 Nb4 12. Bb1 Nd7 13. a3 Na6 14. b4 Nc7 15. Bg5 Bf6
16. e5 Bxg5 17. Nxg5 O-O 18. Nce4 Ne8 19. g4 hxg4 20. Qxg4 Ng7 21. Nd6 Rb8 22.
Ngxf7 Rxf7 23. Nxf7 Kxf7 24. Bxg6+ Kg8 25. h5 Kh8 26. h6 Qg8 27. hxg7+ Qxg7 28.
Qh5+ Kg8 29. Kh2 Rf8 30. f4 Qh8 31. Rg1 Qxh5+ 32. Bxh5+ Kh7 33. Raf1 Nb6 34.
Bg6+ Kh8 35. Rf3 Rb8 1-0